| 000 | 01769nam0a2200337 4500 | ||
|---|---|---|---|
| 001 | RU\NLR\bibl\1009427 | ||
| 005 | 20260406104552.0 | ||
| 010 |
_a5-472-02316-5 _910000 |
||
| 021 |
_aRU _b2006-63465 _93167 |
||
| 035 | _a(NLR Aleph) 000997069 | ||
| 090 |
_a555053 _c555053 |
||
| 100 | _a20061116d2007 |||y0rusy50 ca | ||
| 101 | 0 |
_arus _aeng |
|
| 102 | _aRU | ||
| 105 | _ay ||||||||| | ||
| 200 | 1 |
_aГрамматика английского языка _ecборник упражнений _eк учебнику В. Н. Богородицкой, Л. В. Хрусталевой "English-3" (М.: Версия) _e3 класс _fЕ. А. Барашкова |
|
| 210 |
_aМосква _cЭкзамен _d2007 [т. е. 2006] |
||
| 215 |
_a174 с. _d24 |
||
| 225 | 1 | _aУчебно-методический комплект | |
| 225 | 1 |
_aEnglish _e3 |
|
| 300 | _aКн. фактически изд. в 2006 г. | ||
| 422 | 0 |
_12001#$aEnglish-3$eучебник для 3 класса общеобразовательных учреждений _1210##$aМосква$cВерсия _1700#1$aБогородицкаяэ$bВ. Н.$gВалентина Николаевна$4070 _1701#1$aХрусталева$bЛ. В.$gЛилия Валентиновна$4070 _tEnglish-3 _aБогородицкаяэ, Валентина Николаевна |
|
| 606 | 1 |
_aАнглийский язык _jУчебные издания для начальной школы _9972309 _3RU\NLR\auth\6646032 |
|
| 686 | _aШ143.21-93рус21[3] | ||
| 700 | 1 |
_4070 _8rus _7ca _aБарашкова _bЕ. А. _gЕлена Александровна _3RU\NLR\AUTH\7796501 _979427 |
|
| 801 | 0 |
_aRU _bNLR _c20061116 _grcr |
|
| 801 | 1 |
_aRU _bNLR _c20061116 |
|
| 942 | _cBOOK | ||
| 980 | _aNB | ||